| 000 | 00623nam a2200181 a 4500 | ||
|---|---|---|---|
| 005 | 20210223120803.0 | ||
| 008 | 991125s1994 mx 000 0 spa u | ||
| 035 | _aUPN01000007133 | ||
| 049 | _aC | ||
| 050 | 4 |
_aLA425.5 A8.2 _b1994 |
|
| 245 | 0 | 0 |
_aCatálogo de posgrado 1994 / _cAsociación Nacional de Universidades e Institutos de Enseñanza Superior |
| 260 |
_aMéxico : _bANUIES, _c1994 |
||
| 300 | _axl, 257 p. | ||
| 650 | 4 |
_aEDUCACION SUPERIOR - _zMEXICO - _vDIRECTORIOS _919725 |
|
| 710 | 2 | _aAsociación Nacional de Universidades e Institutos de Enseñanza Superior (México) | |
| 904 |
_aAC _b007133 |
||
| 905 | _aLibro | ||
| 999 |
_c7133 _d7133 |
||